| 000 -LEADER |
| fixed length control field |
00562nam a22002177a 4500 |
| 008 - FIXED-LENGTH DATA ELEMENTS--GENERAL INFORMATION |
| fixed length control field |
150921b xxu||||| |||| 00| 0 eng d |
| 020 ## - INTERNATIONAL STANDARD BOOK NUMBER |
| International Standard Book Number |
0132017881 |
| 041 0# - LANGUAGE CODE |
| Language code of text/sound track or separate title |
eng |
| 080 ## - UNIVERSAL DECIMAL CLASSIFICATION NUMBER |
| Universal Decimal Classification number |
336 |
| 100 ## - Rafti |
| Rafti |
Revsine, Lawrence; |
| 245 ## - TITLE STATEMENT |
| Title |
Financial reporting and analysis / |
| Statement of responsibility, etc |
Lawrence, Revsine; |
| 250 ## - |
| -- |
3rd Edition |
| 260 ## - |
| -- |
New Jersey; |
| -- |
Pearson; |
| -- |
1999. |
| 300 ## - |
| -- |
1070 f.: |
| -- |
me il.; |
| -- |
26 cm |
| 500 ## - |
| -- |
Preface: f. xii-xv |
| 505 ## - |
| -- |
Index: f. 1058-1070 |
| 650 0# - |
| -- |
Financë |
| 650 0# - |
| -- |
Analiza |
| 650 0# - |
| -- |
Raporte |
| 942 ## - ADDED ENTRY ELEMENTS (KOHA) |
| Source of classification or shelving scheme |
|
| Item type |
Books |